000
00283nam a22001337a 4500
008
170526b xxu||||| |||| 00| 0 eng d
020
_a
0852260024
041
_a
eng
080
_2
2ND
_a
621
100
_a
25
101
_a
IM
245
_a
THYRISTORS
_c
SUGANDHI,R.K
942
_2
udc
_c
BK
999
_c
14570
_d
14570